<?xml version="1.0" encoding="UTF-8"?>
<record
    xmlns:xsi="http://www.w3.org/2001/XMLSchema-instance"
    xsi:schemaLocation="http://www.loc.gov/MARC21/slim http://www.loc.gov/standards/marcxml/schema/MARC21slim.xsd"
    xmlns="http://www.loc.gov/MARC21/slim">

  <leader>00358nam a2200145Ia 4500</leader>
  <controlfield tag="008">191201s2004    xx            000 0 und d</controlfield>
  <datafield tag="082" ind1=" " ind2=" ">
    <subfield code="a">621.381</subfield>
    <subfield code="b">PRC</subfield>
  </datafield>
  <datafield tag="100" ind1=" " ind2=" ">
    <subfield code="a">PROAKIS, John G</subfield>
  </datafield>
  <datafield tag="245" ind1=" " ind2="0">
    <subfield code="a">Communication Systems Engineering</subfield>
  </datafield>
  <datafield tag="250" ind1=" " ind2=" ">
    <subfield code="a">2nd</subfield>
  </datafield>
  <datafield tag="260" ind1=" " ind2=" ">
    <subfield code="a">N.Delhi</subfield>
    <subfield code="b">Pearson Education</subfield>
    <subfield code="c">2004</subfield>
  </datafield>
  <datafield tag="300" ind1=" " ind2=" ">
    <subfield code="a">801</subfield>
  </datafield>
  <datafield tag="650" ind1=" " ind2=" ">
    <subfield code="a">B.Tech(ECE)</subfield>
  </datafield>
  <datafield tag="942" ind1=" " ind2=" ">
    <subfield code="2">ddc</subfield>
    <subfield code="c">BK</subfield>
  </datafield>
  <datafield tag="999" ind1=" " ind2=" ">
    <subfield code="c">1909</subfield>
    <subfield code="d">1909</subfield>
  </datafield>
  <datafield tag="952" ind1=" " ind2=" ">
    <subfield code="0">0</subfield>
    <subfield code="1">0</subfield>
    <subfield code="2">ddc</subfield>
    <subfield code="4">0</subfield>
    <subfield code="7">0</subfield>
    <subfield code="8">BTECHECE</subfield>
    <subfield code="a">PIET</subfield>
    <subfield code="b">PIET</subfield>
    <subfield code="d">2006-09-05</subfield>
    <subfield code="e">M/s UBS, Delhi</subfield>
    <subfield code="g">250.00</subfield>
    <subfield code="k">125382</subfield>
    <subfield code="l">0</subfield>
    <subfield code="o">621.381 PRC</subfield>
    <subfield code="p">3498</subfield>
    <subfield code="r">2019-12-04 00:00:00</subfield>
    <subfield code="w">2005-08-23</subfield>
    <subfield code="y">BK</subfield>
  </datafield>
  <datafield tag="952" ind1=" " ind2=" ">
    <subfield code="0">0</subfield>
    <subfield code="1">0</subfield>
    <subfield code="2">ddc</subfield>
    <subfield code="4">0</subfield>
    <subfield code="7">0</subfield>
    <subfield code="8">BTECHECE</subfield>
    <subfield code="a">PIET</subfield>
    <subfield code="b">PIETNCR</subfield>
    <subfield code="d">2006-09-05</subfield>
    <subfield code="e">M/s UBS, Delhi</subfield>
    <subfield code="g">250.00</subfield>
    <subfield code="k">125382</subfield>
    <subfield code="l">0</subfield>
    <subfield code="o">621.381 PRC</subfield>
    <subfield code="p">3499</subfield>
    <subfield code="r">2024-11-07 00:00:00</subfield>
    <subfield code="w">2005-08-23</subfield>
    <subfield code="y">BK</subfield>
  </datafield>
  <datafield tag="952" ind1=" " ind2=" ">
    <subfield code="0">0</subfield>
    <subfield code="1">0</subfield>
    <subfield code="2">ddc</subfield>
    <subfield code="4">0</subfield>
    <subfield code="7">0</subfield>
    <subfield code="8">BTECHECE</subfield>
    <subfield code="a">PIET</subfield>
    <subfield code="b">PIET</subfield>
    <subfield code="c">GEN</subfield>
    <subfield code="d">2020-01-24</subfield>
    <subfield code="e">Kriti Prakashan, New Delhi</subfield>
    <subfield code="f">IN Rupees</subfield>
    <subfield code="g">759.00</subfield>
    <subfield code="k">IN 5956</subfield>
    <subfield code="l">2</subfield>
    <subfield code="o">621.3811 PRC</subfield>
    <subfield code="p">31543</subfield>
    <subfield code="r">2021-02-11 00:00:00</subfield>
    <subfield code="s">2021-02-03</subfield>
    <subfield code="v">516.00</subfield>
    <subfield code="w">2020-01-03</subfield>
    <subfield code="y">BK</subfield>
  </datafield>
  <datafield tag="952" ind1=" " ind2=" ">
    <subfield code="0">0</subfield>
    <subfield code="1">0</subfield>
    <subfield code="2">ddc</subfield>
    <subfield code="4">0</subfield>
    <subfield code="7">0</subfield>
    <subfield code="8">BTECHECE</subfield>
    <subfield code="a">PIET</subfield>
    <subfield code="b">PIET</subfield>
    <subfield code="c">GEN</subfield>
    <subfield code="d">2020-01-24</subfield>
    <subfield code="e">Kriti Prakashan, New Delhi</subfield>
    <subfield code="f">IN Rupees</subfield>
    <subfield code="g">759.00</subfield>
    <subfield code="k">IN 5956</subfield>
    <subfield code="l">1</subfield>
    <subfield code="o">621.3811 PRC</subfield>
    <subfield code="p">31544</subfield>
    <subfield code="r">2024-04-10 00:00:00</subfield>
    <subfield code="s">2024-03-26</subfield>
    <subfield code="v">516.00</subfield>
    <subfield code="w">2020-01-03</subfield>
    <subfield code="y">BK</subfield>
  </datafield>
  <datafield tag="952" ind1=" " ind2=" ">
    <subfield code="0">0</subfield>
    <subfield code="1">0</subfield>
    <subfield code="2">ddc</subfield>
    <subfield code="4">0</subfield>
    <subfield code="7">0</subfield>
    <subfield code="8">BTECHECE</subfield>
    <subfield code="a">PIET</subfield>
    <subfield code="b">PIET</subfield>
    <subfield code="c">GEN</subfield>
    <subfield code="d">2020-01-24</subfield>
    <subfield code="e">Kriti Prakashan, New Delhi</subfield>
    <subfield code="f">IN Rupees</subfield>
    <subfield code="g">759.00</subfield>
    <subfield code="k">IN 5956</subfield>
    <subfield code="l">1</subfield>
    <subfield code="o">621.3811 PRC</subfield>
    <subfield code="p">31545</subfield>
    <subfield code="r">2024-03-14 00:00:00</subfield>
    <subfield code="s">2024-03-12</subfield>
    <subfield code="v">516.00</subfield>
    <subfield code="w">2020-01-03</subfield>
    <subfield code="y">BK</subfield>
  </datafield>
  <datafield tag="952" ind1=" " ind2=" ">
    <subfield code="0">0</subfield>
    <subfield code="1">0</subfield>
    <subfield code="2">ddc</subfield>
    <subfield code="4">0</subfield>
    <subfield code="7">0</subfield>
    <subfield code="8">BTECHECE</subfield>
    <subfield code="a">PIET</subfield>
    <subfield code="b">PIET</subfield>
    <subfield code="c">GEN</subfield>
    <subfield code="d">2020-01-24</subfield>
    <subfield code="e">Kriti Prakashan, New Delhi</subfield>
    <subfield code="f">IN Rupees</subfield>
    <subfield code="g">759.00</subfield>
    <subfield code="k">IN 5956</subfield>
    <subfield code="l">1</subfield>
    <subfield code="o">621.3811 PRC</subfield>
    <subfield code="p">31546</subfield>
    <subfield code="r">2024-03-26 00:00:00</subfield>
    <subfield code="s">2024-03-12</subfield>
    <subfield code="v">516.00</subfield>
    <subfield code="w">2020-01-03</subfield>
    <subfield code="y">BK</subfield>
  </datafield>
  <datafield tag="952" ind1=" " ind2=" ">
    <subfield code="0">0</subfield>
    <subfield code="1">0</subfield>
    <subfield code="2">ddc</subfield>
    <subfield code="4">0</subfield>
    <subfield code="7">0</subfield>
    <subfield code="8">BTECHECE</subfield>
    <subfield code="a">PIET</subfield>
    <subfield code="b">PIET</subfield>
    <subfield code="c">GEN</subfield>
    <subfield code="d">2020-01-24</subfield>
    <subfield code="e">Kriti Prakashan, New Delhi</subfield>
    <subfield code="f">IN Rupees</subfield>
    <subfield code="g">759.00</subfield>
    <subfield code="k">IN 5956</subfield>
    <subfield code="l">0</subfield>
    <subfield code="o">621.381 PRC</subfield>
    <subfield code="p">31547</subfield>
    <subfield code="r">2020-01-24 00:00:00</subfield>
    <subfield code="v">516.00</subfield>
    <subfield code="w">2020-01-03</subfield>
    <subfield code="y">BK</subfield>
  </datafield>
</record>
